000 00519nam a2200157 a 4500
001 000031859
005 20200930063233.0
008 110706s2007 dr abc 000 0 spa d
040 _aDO-SdBNP
_bspa
_cBNPHU
100 1 _aSuriel, Carlos
_957735
245 1 0 _aGuía áreas protegidas, flora y fauna :
_bRepública Dominicana /
_cCarlos Suriel.
260 _aSanto Domingo :
_bSecretaría de Estado de Turismo,
_c2007.
300 _a82 p. :
_bil.,map., retrs. ;
_c21 cm.
504 _aBibliografía: p. 79-82
049 _aBNPD
999 _c31351
_d31351